000 01363nam a22002897a 4500
005 20170410151034.0
008 140714b xxu||||| |||| 00| 0 Urdu d
010 _aUR-8562 B-548002-005 B-665896
020 _a9789350733004
_c250.00
035 _aU-7117 B-548002-005 B-665896
037 _bBPPD/Pub/Ven
037 _bDBAD/Pub.
037 _bPansy Books(Vend.)/Edu. pub. House(Pub.)
040 _aDPL
_bUrdu
082 _aن
100 _aفر يد ی، شا ہد
245 _aا پنا ہی گر يبا ن بھو ل گۓ:نا و ل
_cفر يد ی، شا ہد
246 _aApna hi Gireban Bhool gaye(Novel)
_bbyShahid Faridi
260 _aد ھلی
_bا يجو کيشنل پبليشنگ ہا ؤس
_c2014
260 _bPansy Books(Vender)
270 _a3108،و کيل اسٹر يٹ ،کو چہ پنڈ ت ،لال کنو ا ن
_bد ھلی
_e110006
_k23216162،23214465
270 _aR2,/66/A Somesh Vihar,Chhawala
_bNew Delhi
_e110071
_k01125317355
300 _a236ص
_c22Cm (Hb)
942 _2ddc
_cUR
_e
_hن
_mف ری
999 _c87354
_d87354